Výsledok hospodárenia v účtovníctve, jeho zisťovanie, členenie a analýza bakalárska práca

Uložené v:
Podrobná bibliografia
Hlavný autor: Ferančíková, Andrea
Korporativný autor: Národohospodárska fakulta EU. Katedra financií
Ďalší autori: Staríčková, Zuzana
Médium: Kniha
Jazyk:Slovak
Vydavateľské údaje: Bratislava 2012
Tagy: Pridať tag
Žiadne tagy, Buďte prvý, kto otaguje tento záznam!

MARC

LEADER 00000nbm a2200000 4500
001 0155878
005 20161109111923.0
041 0 |a slo 
044 |a SK 
245 1 0 |a Výsledok hospodárenia v účtovníctve, jeho zisťovanie, členenie a analýza  |b bakalárska práca  |c Andrea Ferančíková ; školiteľ: Zuzana Staríčková 
264 1 |a Bratislava  |c 2012 
300 |a 42 s. 
100 1 |a Ferančíková, Andrea 
700 1 |a Staríčková, Zuzana 
710 2 |a Národohospodárska fakulta EU. Katedra financií